Online Catalogue and eLibrary

Malwara siritha (Record no. 5144)

MARC details
000 -LEADER
fixed length control field 00398nam a2200169Ia 4500
005 - DATE AND TIME OF LATEST TRANSACTION
control field 20250516010542.0
008 - FIXED-LENGTH DATA ELEMENTS--GENERAL INFORMATION
fixed length control field 240331s9999 xx 000 0 und d
020 ## - INTERNATIONAL STANDARD BOOK NUMBER
ISBN 9789555050401
082 ## - DDC Classification
Item Number - Author Mark JAY
Class No. 294
100 ## - MAIN ENTRY--PERSONAL NAME
Personal name Jayathilake,Y.D
245 #0 - TITLE STATEMENT
Title Malwara siritha
250 ## - EDITION STATEMENT
Edition statement 2nd
260 ## - PUBLICATION, DISTRIBUTION, ETC.
Place of publication, distribution, etc. Sri Lanka
Name of publisher, distributor, etc. Author
Date of publication, distribution, etc. 2007
300 ## - PHYSICAL DESCRIPTION
Extent (e.g. Volumes, Pages etc.) 299 p ., ( C 2)
500 ## - GENERAL NOTE
General note A Book on Puberty
942 ## - Koha item type (Biblio)
Koha item type Books in Stacks (Lending)
Holdings
Lost status Damaged status Collection code Home library Current library Shelving location Date acquired Full call number Accession Number Item type
    Lending WERC Library WERC Library Social Science Cupboard 03/31/2024 294.3 JAY 3856 Books in Stacks (Lending)

© WERC Library